Reverse Dictionary #21 - Statistics

General Stats
  • This quiz has been taken 62 times
  • The average score is 17 of 25
Answer Stats
Definition First Letter Word % Correct
Appreciative; thankful. G Grateful
94%
A stringed musical instrument, of European origin, usually with a fretted fingerboard and six strings, played with the fingers or a plectrum. G Guitar
93%
A tool with a heavy head and a handle used for pounding. H Hammer
93%
At or near the rear. B Back
91%
Amusement, enjoyment or pleasure. F Fun
91%
The cardinal number occurring before one and that denotes no quantity or amount at all. Z Zero
89%
To poke fun at, either cruelly or affectionately. T Tease
87%
A large container for holding water in which a person may clean himself. B Bathtub
85%
Any establishment where travellers can procure lodging, food, and drink. I Inn
85%
Probable; having a greater-than-even chance of occurring. L Likely
85%
Far off (physically, logically or mentally). D Distant
78%
A mixture of lime or gypsum, sand, and water, sometimes with the addition of fibres, that hardens to a smooth solid and is used for coating walls and ceilings. P Plaster
74%
Apart from (the rest); not connected to or attached to (anything else). S Separate
74%
(law) An application to a superior court or judge for a decision or order by an inferior court or judge to be reviewed and overturned. A Appeal
72%
The principal church of an archbishop's/bishop's archdiocese/diocese which contains an episcopal throne. C Cathedral
70%
Having all necessary features fitting neatly into a small space. C Compact
67%
To stretch out, open out (a material etc.) so that it more fully covers a given area of space. S Spread
67%
To state the meaning of a word, phrase, sign, or symbol. D Define
65%
A governmental body with the power to make, amend and repeal laws. L Legislature
61%
The alleviation of stress or discomfort. R Relief
48%
The absolute or relative size, extent or importance of something. M Magnitude
33%
To accidentally or intentionally confuse. M Mislead
28%
A dried stalk of a cereal plant. S Straw
22%
A method of achieving something or carrying something out, especially one requiring some skill or knowledge. T Technique
22%
The collection of tools, materials, machinery, instruments, etc. needed for a particular activity or task; any individual item included in such a collection. A Apparatus
19%
No matching quizzes found
Score Distribution
Percent of People with Each Score
Percentile by Number Answered
Your Score History
You have not taken this quiz